Normal view
MARC view
- Levy ,David H
Entry Personal Name
001 - CONTROL NUMBER
- control field: 133835
003 - CONTROL NUMBER IDENTIFIER
- control field: NUST
005 - DATE AND TIME OF LATEST TRANSACTION
- control field: 20260402160647.0
008 - FIXED-LENGTH DATA ELEMENTS
- fixed length control field: 260402|| aca||aabn | a|a d
040 ## - CATALOGING SOURCE
- Original cataloging agency: NUST
- Transcribing agency: NUST
100 ## - HEADING--PERSONAL NAME
- Personal name: Levy ,David H
670 ## - SOURCE DATA FOUND
- Source citation: Work cat.: (NUST): Levy ,David H., Comets: Creators and Destroyers /, 1998.
